000 00347cam a2200157ua 4500
041 _aeng
_h
082 _a828.09
_bLUC/ST
100 _aLucas, F L .
245 _aStyle /
_cF L Lucas.
_hTextual Documents
250 _a1 /
_b.
260 _aLondon :
_bcassel ,
_c1964.
300 _a294 ; .
504 _a
942 _cBK
999 _c4058
_d4058